[Event "Rodovremesterskabet Gruppe C 2004"]
[Site "Rodovre"]
[Date "2004.10.19"]
[Round "7"]
[White "Wisal, Zoran"]
[Black "Nielsen, Borge2"]
[Result "1-0"]
[WhiteElo "1427"]
[BlackElo "1393"]
[PlyCount "71"]
[EventDate "2004.??.??"]


1. e4 e5 2. Nf3 Nc6 3. b3 g6 4. Bb2 Bg7 5. Na3 d6 6. h3 Nf6 7. d3 O-O 8. Nh2
Bd7 9. Be2 Be6 10. Ng4 Re8 11. Qd2 a6 12. O-O-O b5 13. f4 exf4 14. Qxf4 Nh5 15.
Nh6+ Bxh6 16. Qxh6 Qe7 17. Bxh5 f6 18. Bf3 Rf8 19. e5 d5 20. exf6 Qf7 21. Rde1
Rae8 22. Nb1 a5 23. Nc3 Qd7 24. Nxd5 Rf7 25. Nf4 Nd4 26. Bg4 Rxf6 27. Nxe6
Rfxe6 28. Rxe6 Nxe6 29. Re1 Qf7 30. Qd2 b4 31. a4 c5 32. Kb1 c4 33. dxc4 Rd8
34. Qe3 Nd4 35. Qe5 Qg7 36. Qf4 1-0

[Event "Rodovremesterskabet Gruppe C 2004"]
[Site "Rodovre"]
[Date "2004.10.19"]
[Round "7"]
[White "Bahl, Carsten"]
[Black "Walli, Aqil Raad"]
[Result "1/2-1/2"]
[WhiteElo "1408"]
[BlackElo "1493"]
[PlyCount "60"]
[EventDate "2004.??.??"]


1. d4 d5 2. c4 e6 3. Nc3 Nf6 4. cxd5 exd5 5. Bg5 Be7 6. e3 O-O 7. Bd3 Nc6 8.
Nge2 Be6 9. Qc2 Nb4 10. Qd1 Nxd3+ 11. Qxd3 Qd7 12. O-O Bf5 13. Qd1 c6 14. a3
Rfe8 15. Rc1 Ne4 16. Bxe7 Qxe7 17. Nxe4 dxe4 18. Rc5 Bg4 19. Qc2 Bxe2 20. Qxe2
Qe6 21. Rfc1 Qa2 22. g3 Rad8 23. Ra5 a6 24. Qc2 Qe6 25. Re5 Qa2 26. Qxe4 Rxe5
27. dxe5 Qxb2 28. Rb1 Qxa3 29. Rxb7 Qc1+ 30. Kg2 Qc5 1/2-1/2

[Event "Rodovremesterskabet Gruppe C 2004"]
[Site "Rodovre"]
[Date "2004.10.19"]
[Round "7"]
[White "Vestergaard, John"]
[Black "Helleshoj, Knud Erik"]
[Result "0-1"]
[WhiteElo "1430"]
[BlackElo "1490"]
[PlyCount "86"]
[EventDate "2004.??.??"]


1. d4 d5 2. c4 c6 3. Nc3 g6 4. Bg5 Bg7 5. e3 Nf6 6. cxd5 cxd5 7. Bb5+ Bd7 8.
Qa4 Nc6 9. Nge2 a6 10. Bxc6 Bxc6 11. Qc2 Rc8 12. f3 O-O 13. O-O Re8 14. a4 b5
15. axb5 Bxb5 16. Qb3 Bc4 17. Qa4 Qb6 18. b4 h6 19. Bh4 e5 20. dxe5 Qxe3+ 21.
Bf2 Qxe5 22. Bd4 Qd6 23. Rf2 Qc6 24. h3 Bxe2 25. Rxe2 Rxe2 26. Nxe2 Qxa4 27.
Rxa4 Rc6 28. Nc3 Rc4 29. Bxf6 Bxf6 30. Nxd5 Bd4+ 31. Kh2 Be5+ 32. Kg1 Rd4 33.
Ne7+ Kf8 34. Nc6 Rd1+ 35. Kf2 Bd6 36. Rxa6 Rb1 37. Ra8+ Kg7 38. Ra4 Rb2+ 39.
Kf1 Bg3 40. Ra1 Rf2+ 41. Kg1 Rc2 42. b5 Rb2 43. Ra5 Rb1# 0-1